000 00889nam a22002897a 4500
003 CHAP
005 20220329135818.0
008 971013s1991 r 00010 d
010 _a42641
011 _a43613
035 _a47749
040 _cCHAP
082 _a635.22
_bJ3
100 0 0 _aJansson, Richard K.
_eed.
_961067
245 _aSweet potato pest management
_b: a global perspective
260 _aBoulder, Colo. :
_bWestview,
_c1991
300 _a458 p.
_b: ilus.
490 _aStudies in insect biology
590 _aBATCH-UPD
_b10
_c20130110
_lUCH01
_h2127
590 _aCONVERSION
_b10
_c20130109
_lUCH01
_h1323
650 1 4 _aCamote
_xPlagas.
_917901
700 0 _aRaman, Kandukuri V.
_eed.
_993811
830 0 _aStudies in insect biology
_9110072
901 _aBK
942 _cLIBRO
949 _a635.22 J3
_bBC
_cLIBRO
_d33724000008991
_eLIBRO
_gI.179196
_h89066
_i47749
_si
_t598.00
999 _c42641
_d42641